书目信息 |
| 题名: |
中等师范学校教科书(试用本)小学教育学
|
|
| 作者: | ;人民教育出版社师范教材中心组 编 | |
| 分册: | ||
| 出版信息: | 北京 人民教育出版社 1999 |
|
| 页数: | 297页 | |
| 开本: | 26cm | |
| 丛书名: | ||
| 单 册: | ||
| 中图分类: | G620 | |
| 科图分类: | 48.9054 | |
| 主题词: | 教育--各级 | |
| 电子资源: | ||
| ISBN: | 7-107-13258-X | |
| 000 | 00804nam0 2200217 45 | |
| 001 | 0194041141 | |
| 005 | 20070710110418.65 | |
| 010 | @a7-107-13258-X@dCNY15.30 | |
| 100 | @a19940809d1999 em y0chiy0121 ea | |
| 101 | 0 | @achi |
| 102 | @aCN@b110000 | |
| 105 | @afg z 000yy | |
| 200 | 10 | @a中等师范学校教科书(试用本)小学教育学@Azhong deng shi fan xue xiao jiao ke shu(shi yong ben)xiao xue jiao yu xue@f人民教育出版社师范教材中心组编@Fren min jiao yu chu ban she shi fan jiao cai zhong xin zu bian |
| 210 | @a北京@c人民教育出版社@d1999@h2004 | |
| 215 | @a297页@d26cm | |
| 606 | 0 | @a教育@x各级 |
| 690 | @aG620@v三版 | |
| 692 | @a48.9054 | |
| 711 | 02 | @a人民教育出版社师范教材中心组@Aren min jiao yu chu ban she shi fan jiao cai zhong xin zu@4编 |
| 801 | 0 | @aCN@bTSSF@c20070710 |
| 905 | @a10447@dG620@e321 | |
| 中等师范学校教科书(试用本)小学教育学/人民教育出版社师范教材中心组编.-北京:人民教育出版社,1999(2004) |
| 297页;26cm |
| ISBN 7-107-13258-X:CNY15.30 |
| ● |
| 相关链接 |
|
|
|
|
正题名:中等师范学校教科书(试用本)小学教育学
索取号:G620/321
 
预约/预借
| 序号 | 登录号 | 条形码 | 馆藏地/架位号 | 状态 | 备注 |
| 1 | 0764958 | 207649589 | 第一样本阅览室/ [索取号:G620/321] | 在馆 |